| 000 | 00795nam a2200265 a 4500 | ||
|---|---|---|---|
| 003 | DO-SdBNP | ||
| 005 | 20251001134052.0 | ||
| 007 | ta | ||
| 008 | 250114e1961 dr a|||gr|||| 001 e spa d | ||
| 040 |
_aDO-SdBNP _bspa _cBNPHU _erda |
||
| 041 | _aspa | ||
| 082 | 4 |
_a861.44 _bD473i _222 |
|
| 100 |
_958658 _aDespradel, Rafael Q. _eautor |
||
| 245 | 1 | 0 |
_aInquíetudes / _cRafael Q. Despradel |
| 264 |
_aSantiago : _bImprenta del HL.H.Cruz, _c1961 |
||
| 300 |
_a32 páginas ; _c22 cm. |
||
| 336 |
_ardacontent _btexto _2txt |
||
| 337 |
_ardamedia _bsin mediación _2n |
||
| 338 |
_ardacarrier _bvolumen _2nc |
||
| 590 | _aInventariado 2024/DG | ||
| 650 | 1 |
_aLiteratura dominicana. _967 |
|
| 650 | 4 |
_aPoesías dominicanas _977972 |
|
| 910 | _aDG. Validado. Control de Calidad/ MAA | ||
| 942 |
_2ddc _cLBS1 |
||
| 999 |
_c58053 _d58053 |
||